| 000 -LEADER |
| fixed length control field |
00588cam a22001697a 4500 |
| 008 - FIXED-LENGTH DATA ELEMENTS--GENERAL INFORMATION |
| fixed length control field |
180718b1983 xxu||||| |||| 00| 0 eng d |
| 082 ## - DEWEY DECIMAL CLASSIFICATION NUMBER |
| Classification number |
APPPA 82-83 VER |
| 100 ## - MAIN ENTRY--PERSONAL NAME |
| Personal name |
Verma, J.K. |
| 245 ## - TITLE STATEMENT |
| Title |
Workers participation in management: a case study of J.C.Ms. in income tax department in Agra, Kanpur and Meerut charges |
| Statement of responsibility, etc. |
by J.K. Verma |
| 260 ## - PUBLICATION, DISTRIBUTION, ETC. |
| Place of publication, distribution, etc. |
New Delhi |
| Name of publisher, distributor, etc. |
Indian Institute of Public Administration |
| Date of publication, distribution, etc. |
1983 |
| 300 ## - PHYSICAL DESCRIPTION |
| Extent |
127p. |
| 650 ## - SUBJECT ADDED ENTRY--TOPICAL TERM |
| Topical term or geographic name entry element |
Meerut charges |
| 650 ## - SUBJECT ADDED ENTRY--TOPICAL TERM |
| Topical term or geographic name entry element |
Kanpur |
| 650 ## - SUBJECT ADDED ENTRY--TOPICAL TERM |
| Topical term or geographic name entry element |
J.C.Ms.-Income tax department-Agra |
| 650 ## - SUBJECT ADDED ENTRY--TOPICAL TERM |
| Topical term or geographic name entry element |
Management |
| 650 ## - SUBJECT ADDED ENTRY--TOPICAL TERM |
| Topical term or geographic name entry element |
Workers participation |